| 000 | 01125cam a22003135a 4500 | ||
|---|---|---|---|
| 001 | 016472234 | ||
| 003 | OSt | ||
| 005 | 20161031153857.0 | ||
| 008 | 130715r20132012enk frb 001 0 eng d | ||
| 020 | _a9780415719766 (pbk.) | ||
| 040 |
_aStDuBDS _beng _cStDuBDS _dEG-ScBUE |
||
| 082 | 0 | 4 |
_a325.3 _222 _bAMI |
| 100 | 1 |
_aAmin-Khan, Tariq. _938757 |
|
| 245 | 1 | 4 |
_aThe post-colonial state in the era of capitalist globalization : _bhistorical, political and theoretical approaches to state formation / _cTariq Amin-Khan. |
| 260 |
_aOxon ; _aNew York : _bRoutledge / Taylor & Francis Group, _c2013. |
||
| 300 |
_axii, 249 p. ; _c23 cm. |
||
| 490 | 0 |
_aRoutledge studies in social and political thought ; _v74. |
|
| 500 | _aIndex : p. 243-249. | ||
| 500 | _aThe reprinted of 2012 ed. | ||
| 504 | _aBibliography : p. 227-241. | ||
| 650 | 7 |
_aPostcolonialism. _2BUEsh _937058 |
|
| 650 | 0 |
_aNation-state and globalization _2BUEsh |
|
| 650 | 0 |
_aCapitalism _xPolitical aspects _2BUEsh |
|
| 651 | _2BUEsh | ||
| 653 |
_bBUSBOL _cNovember2015 |
||
| 655 |
_vReading book _934232 |
||
| 650 | 0 |
_915665 _aNation-state _2BUEsh |
|
| 942 | _2ddc | ||
| 999 |
_c21054 _d21026 |
||